<?xml version="1.0" encoding="UTF-8"?><marc:collection xmlns:marc="http://www.loc.gov/MARC21/slim">
  <marc:record>
    <marc:leader>00000nam##2200000za#4500</marc:leader>
    <marc:controlfield tag="001">9.588188</marc:controlfield>
    <marc:controlfield tag="003">CaOODSP</marc:controlfield>
    <marc:controlfield tag="005">20210624195011</marc:controlfield>
    <marc:controlfield tag="007">cr |||||||||||</marc:controlfield>
    <marc:controlfield tag="008">150406|2007||||xxc|||||o    f|0| 0 fre|d</marc:controlfield>
    <marc:datafield tag="022" ind1=" " ind2=" ">
      <marc:subfield code="a">1488-5379</marc:subfield>
    </marc:datafield>
    <marc:datafield tag="040" ind1=" " ind2=" ">
      <marc:subfield code="a">CaOODSP</marc:subfield>
      <marc:subfield code="b">fre</marc:subfield>
    </marc:datafield>
    <marc:datafield tag="041" ind1=" " ind2=" ">
      <marc:subfield code="a">eng</marc:subfield>
    </marc:datafield>
    <marc:datafield tag="041" ind1=" " ind2=" ">
      <marc:subfield code="a">fre</marc:subfield>
    </marc:datafield>
    <marc:datafield tag="043" ind1=" " ind2=" ">
      <marc:subfield code="a">n-cn---</marc:subfield>
    </marc:datafield>
    <marc:datafield tag="086" ind1="1" ind2=" ">
      <marc:subfield code="a">Fs97-6/2746-PDF</marc:subfield>
    </marc:datafield>
    <marc:datafield tag="110" ind1="1" ind2=" ">
      <marc:subfield code="a">Canada. </marc:subfield>
      <marc:subfield code="b">Ministère des pêches et des océans.</marc:subfield>
    </marc:datafield>
    <marc:datafield tag="245" ind1="1" ind2="0">
      <marc:subfield code="a">Compes [i.e. comptes] rendus du 33ième atelier annuel sur la toxicité aquatique, du 1 au 4 octobre 2006, Jasper, Alberta : </marc:subfield>
      <marc:subfield code="h">[ressource électronique]</marc:subfield>
      <marc:subfield code="b">du 28 septembre au 1er octobre 2003, Ottawa (Ontario) / </marc:subfield>
      <marc:subfield code="c">Editeurs B.A. Munson ... [et al.] </marc:subfield>
    </marc:datafield>
    <marc:datafield tag="260" ind1=" " ind2=" ">
      <marc:subfield code="a">Ottawa - Ontario : </marc:subfield>
      <marc:subfield code="b">Pêches et Océans Canada </marc:subfield>
      <marc:subfield code="c">c2007.</marc:subfield>
    </marc:datafield>
    <marc:datafield tag="300" ind1=" " ind2=" ">
      <marc:subfield code="a">130p.</marc:subfield>
    </marc:datafield>
    <marc:datafield tag="490" ind1="1" ind2=" ">
      <marc:subfield code="a">Rapport technique canadien des sciences halieutiques et aquatiques</marc:subfield>
      <marc:subfield code="x">1488-5379</marc:subfield>
      <marc:subfield code="v">N° 2746</marc:subfield>
    </marc:datafield>
    <marc:datafield tag="500" ind1=" " ind2=" ">
      <marc:subfield code="a">Le n° de catalogue et l'ISSN de l'édition imprimée apparaîssent dans cette version électronique.</marc:subfield>
    </marc:datafield>
    <marc:datafield tag="546" ind1=" " ind2=" ">
      <marc:subfield code="a">Textes préliminaires en français et en anglais. Les articles en leurs langues originales.</marc:subfield>
    </marc:datafield>
    <marc:datafield tag="590" ind1=" " ind2=" ">
      <marc:subfield code="a">12-38-Supp</marc:subfield>
      <marc:subfield code="b">2012-09-27</marc:subfield>
    </marc:datafield>
    <marc:datafield tag="720" ind1="1" ind2=" ">
      <marc:subfield code="a">Munson, B. A.</marc:subfield>
    </marc:datafield>
    <marc:datafield tag="776" ind1="0" ind2="#">
      <marc:subfield code="t">Proceedings of the 33rd annual Aquatic Toxicity Workship, October 1 to 4, 2006, Jasper, Alberta / </marc:subfield>
      <marc:subfield code="w">(CaOODSP)9.545516</marc:subfield>
    </marc:datafield>
    <marc:datafield tag="791" ind1=" " ind2=" ">
      <marc:subfield code="t">Proceedings of the 33rd annual Aquatic Toxicity Workshop, October 1 to 4, 2006, Jasper, Alberta : </marc:subfield>
      <marc:subfield code="e">eng</marc:subfield>
      <marc:subfield code="w">(CaOODSP)9.588187</marc:subfield>
    </marc:datafield>
    <marc:datafield tag="830" ind1="#" ind2="0">
      <marc:subfield code="a">Rapport technique canadien des sciences halieutiques et aquatiques,</marc:subfield>
      <marc:subfield code="x">1488-5379</marc:subfield>
      <marc:subfield code="v">N° 2746</marc:subfield>
      <marc:subfield code="w">(CaOODSP)9.500270</marc:subfield>
    </marc:datafield>
    <marc:datafield tag="856" ind1="4" ind2="0">
      <marc:subfield code="a">http://publications.gc.ca</marc:subfield>
      <marc:subfield code="q">PDF</marc:subfield>
      <marc:subfield code="s">1111 Ko</marc:subfield>
      <marc:subfield code="u">https://publications.gc.ca/collections/collection_2012/mpo-dfo/Fs97-6-2746.pdf</marc:subfield>
      <marc:subfield code="y">N° 2746</marc:subfield>
    </marc:datafield>
  </marc:record>
</marc:collection>
